000
002650000a22000970004500
773
0
_t
Iglesia y Misión
100
1
_a
Steuernagel, Valdir R.
245
1
0
_a
Viñetas centroamericanas (I)
300
_a
Vol. 10, Num 3 (Julio-Septiembre, 1991) Páginas 24-27
942
_c
ANA
999
_c
51927
_d
51927